Statistics for Power Series Trivia (1)

Click here to take the quiz!

General Stats

  • This quiz has been taken 859 times
  • The average score is 14 of 20

Answer Stats

HintAnswer% Correct
Who is James St. Patrick's love interest?Angela Valdes
99%
What is the nightclub that James St. Patrick owns named?Truth
97%
How many children does James and Tasha have?3
96%
Who shot Shawn StarkKanan Stark
94%
Who shot Ghost in the season finale?Tariq St. Patrick
90%
Who does Michael Rainey Jr. portray in the show?Tariq St. Patrick
90%
Where is Power predominately based?New York
89%
Who shot Angela Valdes?Tommy Egan
89%
How many episodes did season 1 of Power have?8
82%
Who killed Terry Silver?Ghost
77%
Who killed LaKeisha Grant?Tasha St. Patrick
73%
How many seasons are there of Power?6
71%
What is the opening theme of Power called?Big Rich Town
69%
Who did Tommy Egan strangle to death in season 3?Holly Weaver
61%
Who is Tommy Egan and James St. Patrick's defence attorney called?Joseph Proctor
56%
Who killed special agent Gregory Knox?Mike Sandoval
56%
What does Tommy Egan drive?Blue Mustang
53%
What is Tommy Egan's father's name?Tony Teresi
37%
What is Tasha St. Patrick's maiden name?Greene
29%
What is the hit-woman that Kanan set up to kill Ghost's nicknamePink Sneakers
26%

Score Distribution

Percentile by Number Answered

Percent of People with Each Score

Your Score History

You have not taken this quiz